Poemas de Manuel del Cabral para leer en el metro. / (Registro nro. 7660)
[ vista simple ]
| 000 -LIDER | |
|---|---|
| fixed length control field | 00691nam a2200217 a 4500 |
| 001 - NÚMERO DE CONTROL | |
| Identificador de número de control | 000042789 |
| 003 - IDENTIFICACDOR DE NÚMERO DE CONTROL | |
| control field | DO-SdBNP |
| 005 - DATE AND TIME OF LATEST TRANSACTION | |
| control field | 20171023074322.0 |
| 007 - CAMPOS FIJOS DE DESCRIPCIÓN FÍSICA | |
| fixed length control field | 000042789 |
| 008 - ELEMENTOS DE LONGITUD FIJA | |
| fixed length control field | 140210s2011 dr 000 0 spa d |
| 040 ## - FUENTE DE CATALOGACIÓN | |
| Agencia que crea de manera original el registro | BPMET |
| Idioma de catalogación | spa |
| Agencia que realiza la transcripción | BPMET |
| 110 ## - ASIENTO PRINCIPAL--NOMBRE CORPORATIVO | |
| Término de relación | Ministerio de Cultura (República Dominicana) |
| 245 00 - MENCIÓN DE TITULO | |
| Título | Poemas de Manuel del Cabral para leer en el metro. / |
| 260 ## - PUBLICACIÓN, DISTRIBUCIÓN, ETC. (PIE DE IMPRENTA) | |
| Lugar de publicación, distribución, etc | Santo Domingo, : |
| Nombre del editor, distribuidor, etc. | Ministerio de Cultura, |
| Fecha de publicación, distribución, etc | 2011. |
| 300 ## - DESCRIPCIÓN FÍSICA | |
| Extensión | 19 p. ; |
| Dimensiones | 23 cm. |
| 700 1# - ASIENTO SECUNDARIO -- NOMBRE PERSONAL | |
| Nombre personal | Reyes, Pablo |
| 711 ## - ASIENTO SECUNDARIO -- NOMBRE DE REUNIÓN | |
| Término de relación | Festival internacional de poesía |
| Lugar de la reunión | (Santo Domingo |
| Fecha de la reunión o acuerdo | 2011: 19-26 oct.) |
| 942 ## - ADDED ENTRY ELEMENTS (KOHA) | |
| Source of classification or shelving scheme | Dewey Decimal Classification |
| Koha item type | Libros |
| 945 ## - INFORMACIÓN DE PROCESAMIENTO LOCAL | |
| Información de procesamiento local | Inventariado / 2017 VM |
| 956 ## - LOCAL ELECTRONIC LOCATION AND ACCESS (OCLC) | |
| Nombre de host | VMATEO |
| Número de acceso | 10 |
| Información de compresión | 20150416 |
| Inicio de sesión | BPMSU |
| Procesador de solicitud | 00151 |
| Withdrawn status | Lost status | Source of classification or shelving scheme | Damaged status | Not for loan | Collection code | Home library | Current library | Date acquired | Total Checkouts | Barcode | Date last seen | Price effective from | Koha item type |
|---|---|---|---|---|---|---|---|---|---|---|---|---|---|
| Dewey Decimal Classification | Biblioteca Pública Metropolitana Salomé Ureña | Biblioteca Pública Metropolitana Salomé Ureña | 04/16/2015 | BPMET15040402 | 04/16/2015 | 04/16/2015 | Libros |